Land vs. Land #84 - Statistiken

Allgemein
  • Dieses Quiz wurde 15 mal gespielt
  • Das Durchschnittsergebnis liegt bei 11 aus 14
Antwortstatistiken
Frage Antwort % Korrekt
...Fläche? Bolivien🇧🇴
100%
...durchschnittlicher IQ? Lettland🇱🇻
93%
...Bruttoinlandsprodukt pro Kopf? Lettland🇱🇻
87%
...HDI (Human Development Index)? Lettland🇱🇻
87%
...Gesundheitswesen? Lettland🇱🇻
87%
...Frieden? Lettland🇱🇻
87%
...Lebenserwartung? Lettland🇱🇻
87%
...Einwohner? Bolivien🇧🇴
80%
...Gewinner? Lettland🇱🇻
80%
...Tourismus? Bolivien🇧🇴
73%
...Bruttoinlandsprodukt? Bolivien🇧🇴
60%
...Militär? Bolivien🇧🇴
53%
...Happy Planet Index? Bolivien🇧🇴
40%
...Exportmengen? Lettland🇱🇻
40%
Keine übereinstimmenden Quizze gefunden
Verteilung der Resultate
Anzahl Personen mit jedem Resultat
Perzentil nach korrekt beantworteten Fragen
Ihre Resultats-Entwicklung
Sie haben dieses Quiz noch nicht gespielt